2. sinfonia partitura /

Hlavní autor: Jaroch, Jiří, 1920-1986
Jazyk: Nelze použít, není lingvistický obsah
Vydáno: Praha : Panton, 1964
Vydání: 1. vyd.
Edice: Kapesní partitury (Panton)
Fyzický popis: 126 s.
Hudebniny Hudebniny
Uloženo v:
LEADER 00827ncm a22002532a 4500
001 001077443
003 CZ BrMZK
005 20101027084132.0
007 qu
008 091202s1964 xr |||||||||||||||||zxx d
040 |a BOA001  |b cze 
072 7 |a 785  |x Instrumentální hudba. Symfonická hudba. Hudba pro více nástrojů  |2 Konspekt  |9 9 
100 1 |a Jaroch, Jiří,  |d 1920-1986  |7 jz8600371  |4 cmp 
240 1 0 |a Symfonie,  |n č. 2 
245 1 0 |a 2. sinfonia  |h [hudebnina] :  |b partitura /  |c Jiří Jaroch 
250 |a 1. vyd. 
260 |a Praha :  |b Panton,  |c 1964 
300 |a 126 s. 
490 1 |a Kapesní partitury ;  |v sv. 42 
830 0 |a Kapesní partitury (Panton) 
910 |a BOA001  |b Mus1-0511.386 
990 |a MU 
991 |b 200912 
996 6 |b 2619332732  |c Mus1-0511.386  |l MZK  |r Sklad / do 1 hodiny  |n 2  |w 001099048  |u 000010  |a 1  |e BOA001  |j MZK50  |s P